Microcomputer applications development : some examples

Bibliographic Details
Main Author: FRIEDLANDER
Other Authors: Schiefer
Format: Book
Published: Kiel, Germany : ICID Development Center , 1989
Subjects:

MARC

LEADER 00000cam a2200000 7i4500
001 0000002772
005 20040108.0
020 0 0 |a 3927331007 
090 0 0 |a 005.365   |b FRI 1989 
100 1 0 |a FRIEDLANDER   |h Ch. 
245 1 0 |a Microcomputer applications development :   |b some examples   |c compiled by Ch. Friedlander, G. Schiefer 
260 0 0 |a Kiel, Germany :   |b ICID Development Center ,   |c 1989 
300 |a 97 p. :   |b ill. ;   |c 30 cm. 
650 0 0 |a Application software 
650 0 0 |a dBASE IV (Computer file) 
650 0 0 |a Lotus 1-2-3 (Computer file) 
700 0 1 |a Schiefer   |h G. 
998 |a JPSM 
999 |a 0000003771   |b Monograph   |c Open Shelf   |e Default branch